Noc zázrakov za otvárací ceremoniál londýnskej olympiády zrejme dostane režisér Danny Boyle rytiersky titul

Bibliographic Details
Main Author: Hríbik, Rastislav (Author)
Format: Article
Language:Slovak
PhysicalDescription:Fotogr.
ISSN:1210-4040
Subjects:
Online Access:http://www.pluska.sk/plus-7-dni/relax/za-otvaraci-ceremonial-olympiady-reziserovi-boylovi-mozno-ujde-rytiersky-titul.html

MARC

LEADER 00000nab a2200000 a 4500
001 vtls010468526
003 SK-MaSNL
005 20260303093832.0
008 121112c2012 xo wrzp 0 0slo
015 |a SNBRB2012/11  |2 rvgkpd 
038 |a RVGKPD 
040 |a RVGKPD  |b slo  |c RVGKPD  |e AACR2 
041 0 |a slo 
044 |a xo  |c SK 
080 |a 796.032.2  |x (410)  |2 1997 
100 1 |a Hríbik, Rastislav  |4 aut  |9 370347 
245 1 0 |a Noc zázrakov  |b za otvárací ceremoniál londýnskej olympiády zrejme dostane režisér Danny Boyle rytiersky titul  |c Rastislav Hríbik 
300 |b Fotogr. 
611 2 7 |a Olympijské hry  |n (30. :  |d 2012 :  |c Londýn, Anglicko)  |2 rvgkpd  |9 834898 
650 0 7 |a olympijské hry  |2 rvgkpd  |9 3300 
650 0 7 |a slávnostné otvorenie  |2 rvgkpd  |9 448877 
773 0 |t Plus 7 dní  |g Roč. XXII, č. 32 (2012), s. 8-14  |x 1210-4040 
852 |a RVGKPD  |b KIS3G 
856 4 1 |u http://www.pluska.sk/plus-7-dni/relax/za-otvaraci-ceremonial-olympiady-reziserovi-boylovi-mozno-ujde-rytiersky-titul.html 
958 |a GB 
992 |a RBX 
999 |c 1817413  |d 1819343